A Turkiye Question Tour - Statistics

General Stats
  • This quiz has been taken 21 times
    11 since last reset
  • The average score is 13 of 32
Answer Stats
Hint Answer % Correct
Cities 4: Capital of Turkiye. Ankara
100%
Cities 2: Before Constantinople, this was the capital of the Ottoman Empire. Edirne
83%
People 4: Man credited as the founder of modern Turkiye. Mustafa Kemal Ataturk
83%
Natural Landmarks 1: The name of this place, known for its white terraces and pools, translates to "Cotton Castle." Pamukkale
83%
Cities 3: Waterfront city previously known as Smyrna Izmir
67%
People 2: Ottoman sultan who took Constantinople and ended the Byzantine Empire Mehmed II
67%
Natural Landmarks 2: Mountain range known for its "fairy chimneys." Cappadocia
50%
Cuisine 2: Rice, meat, seafood, and/or fruit stuffed inside either leaves or vegetables. Dolma
50%
Artificial Landmarks 2: Ruins of a Greek city that once held the Temple of Artemis; a single pillar is all that remains of the temple. Ephesus
50%
Artificial Landmarks 4: Site of some of the oldest megaliths in the world, likely a ceremonial center, in upper Mesopotamia. Gobekli Tepe
50%
Artificial Landmarks 1: Founded as a cathedral and currently a mosque with a brief period as a museum. Its name means "Holy Wisdom" in Greek. Hagia Sophia
50%
Cuisine 1: Famous dessert made from starch and sugar often shaped into small cubes. Lokum (Turkish Delight)
50%
People 3: Architect and engineer who defined the architecture of the Ottoman Empire, including building the Suleiman Mosque in Istanbul Sinan
50%
Artificial Landmarks 3: Palace of the Ottoman sultans until the 17th century Topkapi Palace
50%
History 3: Defeat of an attacking British force attempting an amphibious assault in WWI; also considered to be a founding battle in ANZAC national identity. Battle of Gallipoli
33%
Cities 1: Coastal city home to the Castle of Saint Peter and the ruins of the Mausoleum of Halicarnassus Bodrum
33%
History 1: One of the first major civilizations, with a capital of Hattusa and a reputation for ironworking. Hittites
33%
Natural Landmarks 3: Second largest lake in the Middle East, located near the Iranian border. Lake Van
33%
Culture 3: Traditional national sport of Turkiye; its largest event is the Kirkpinar festival. Oil Wrestling
33%
Vocab 3: (Adjective) Zengin Rich
33%
Vocab 1: (Noun) Deniz Sea
33%
People 1: Empress credited with preventing Justinian I from fleeing Constantinople during the Nika Riots. Theodora
33%
Vocab 2: (Verb) Koşmak To run
33%
Vocab 4: (Adverb) Sonra After
17%
Cuisine 4: Ottoman pastry filled with nuts Baklava
17%
History 2: Battle that led to the formation of the Rum Sultanate and vastly weakened Byzantine power in Anatolia. Battle of Manzikert
17%
Culture 2: Two of the main characters in Turkish shadow play, meant to be the perfect foils to each other.NAME EITHER CHARACTER Karagoz / Hacivat
17%
Culture 4: Whether pile-woven or flat-woven, Anatolia is famous for producing these cloth floor coverings Rugs
17%
History 4: Treaty that confirmed the status of an independent Turkey Treaty of Lausanne
17%
Cuisine 3: Circular flatbread made with yogurt and wheat flour and fermented for 2-3 hours; it is popular in rural areas of Turkiye Bazlama
0%
Natural Landmarks 4: Beach credited as being the birthplace of the Byzantine priest Saint Nicolas, who would later become the namesake for Santa. Patara Beach
0%
Culture 1: An Istanbul lawyer pretends to be his wife's half brother, a famous columnist for the Milliyet newspaper, in this Orhan Pamuk novel The Black Book
0%
No matching quizzes found
Score Distribution
Percent of People with Each Score
Percentile by Number Answered
Your Score History
You have not taken this quiz since the last reset